Portugal, su pasado y su presente : (Record no. 21592)

MARC details
000 -LEADER
campo de control de longitud fija 01004nam a2200253 i 4500
001 - NÚMERO DE CONTROL
campo de control 21592
003 - IDENTIFICADOR DE NÚMERO DE CONTROL
campo de control ES-MaACL
005 - FECHA Y HORA DE LA ÚLTIMA TRANSACCIÓN
campo de control 20250424121631.0
007 - CAMPO FIJO DE DESCRIPCIÓN FÍSICA--INFORMACIÓN GENERAL
campo de control de longitud fija t|
008 - DATOS DE LONGITUD FIJA--INFORMACIÓN GENERAL
campo de control de longitud fija 021126s1873 sp |||| | spa d
080 ## - NÚMERO DE LA CLASIFICACIÓN DECIMAL UNIVERSAL
Número de la Clasificación Decimal Universal 94(469)
100 1# - ENTRADA PRINCIPAL--NOMBRE DE PERSONA
Nombre de persona Alcalá Galiano, Antonio (hijo)
9 (RLIN) 19460
245 10 - MENCIÓN DEL TÍTULO
Título Portugal, su pasado y su presente :
Resto del título lecciones pronunciadas en el Ateneo de Madrid /
Mención de responsabilidad, etc. por Antonio Alcalá Galiano (hijo).
260 ## - PUBLICACIÓN, DISTRIBUCIÓN, ETC.
Lugar de publicación, distribución, etc. Madrid :
Nombre del editor, distribuidor, etc. [s.n.],
Fecha de publicación, distribución, etc. 1873 (
Fabricante Imp. de Teodoro Lucuix)
300 ## - DESCRIPCIÓN FÍSICA
Extensión 24 p. ;
Dimensiones 17 cm.
530 ## - NOTA DISPONIBLE DE FORMULARIO FÍSICO ADICIONAL
Nota de formato físico adicional disponible Disponible en formato digital.
610 24 - PUNTO DE ACCESO ADICIONAL DE MATERIA--NOMBRE DE ENTIDAD CORPORATIVA
Nombre de entidad corporativa o nombre de jurisdicción como elemento de entrada Ateneo de Madrid-
Subdivisión de forma Conferencias-
Subdivisión cronológica S.XIX.
9 (RLIN) 1910
651 #4 - PUNTO DE ACCESO ADICIONAL DE MATERIA--NOMBRE GEOGRÁFICO
Nombre geográfico Portugal-
Subdivisión general Historia.
9 (RLIN) 6241
852 4# - LOCALIZACIÓN
Ubicación ES-MaACL
Número de control de estantería T-172-F-8
condición física Faltan paginas 15-22
Ubicación en estantería Depósito folletos
Nota libre Revisado enlace: 24 de Abril de 2025
852 4# - LOCALIZACIÓN
Ubicación ES-MaACL
Número de control de estantería 2197-F-2
Ubicación en estantería Depósito folletos
Nota libre Revisado enlace: 24 de Abril de 2025
856 4# - LOCALIZACIÓN Y ACCESO ELECTRÓNICOS
Identificador Uniforme de Recursos <a href="http://bdh-rd.bne.es/viewer.vm?id=0000110938&page=1 ">http://bdh-rd.bne.es/viewer.vm?id=0000110938&page=1 </a>
Texto de enlace Biblioteca Digital Hispánica
942 ## - ELEMENTOS DE ENTRADA SECUNDARIOS (KOHA)
Fuente del sistema de clasificación o colocación Clasificación decimal universal
Holdings
Estatus retirado Estado de pérdida Fuente del sistema de clasificación o colocación Estado de daño No para préstamo Colección Biblioteca de origen Biblioteca actual Ubicación en estantería Fecha de adquisición Total de préstamos Signatura topográfica completa Código de barras Visto por última vez Precio de reemplazo Tipo de ítem Koha Fuente de adquisición
    Clasificación decimal universal     Biblioteca Digital del Ateneo de Madrid Biblioteca del Ateneo de Madrid Biblioteca del Ateneo de Madrid Depósito folletos 17/01/2008   2197-F-2 1022191 23/02/2023 23/02/2023 Folleto  
          Colección de folletos Biblioteca del Ateneo de Madrid Biblioteca del Ateneo de Madrid Depósito folletos 17/01/2008   T-172-F-8 1022190 23/02/2023 23/02/2023 Folleto